[Event "Team Championship Russia (Rapid, Women)"]
[Site "Sochi"]
[Date "2018.10.08"]
[Round "3.1"]
[White "Gritsayeva, Oksana"]
[Black "Pogonina, Natalija"]
[Result "1/2-1/2"]
[BlackElo "2444"]
[WhiteElo "2388"]
[LiveChessVersion "1.4.8"]

1. d4 {[%clk 0:15:19]} Nf6 {[%clk 0:15:17]} 2. c4 {[%clk 0:15:10]} e6
{[%clk 0:15:26]} 3. Nc3 {[%clk 0:15:11]} d5 {[%clk 0:15:32]} 4. Bg5
{[%clk 0:15:08]} Be7 {[%clk 0:15:32]} 5. e3 {[%clk 0:15:12]} Nbd7
{[%clk 0:15:05]} 6. Nf3 {[%clk 0:14:07]} O-O {[%clk 0:15:07]} 7. cxd5
{[%clk 0:14:02]} Nxd5 {[%clk 0:14:55]} 8. Bxe7 {[%clk 0:14:03]} Qxe7
{[%clk 0:14:49]} 9. Nxd5 {[%clk 0:13:07]} exd5 {[%clk 0:14:57]} 10. Bd3
{[%clk 0:13:05]} c5 {[%clk 0:14:34]} 11. O-O {[%clk 0:12:53]} c4 {[%clk 0:14:07]}
12. Bc2 {[%clk 0:12:45]} b5 {[%clk 0:14:13]} 13. Re1 {[%clk 0:12:12]} Bb7
{[%clk 0:13:15]} 14. Nd2 {[%clk 0:11:31]} Nf6 {[%clk 0:12:10]} 15. f3
{[%clk 0:11:36]} Qd6 {[%clk 0:11:45]} 16. Qe2 {[%clk 0:11:37]} Rac8
{[%clk 0:11:08]} 17. Qf2 {[%clk 0:11:30]} Rfd8 {[%clk 0:10:54]} 18. g4
{[%clk 0:09:22]} b4 {[%clk 0:09:14]} 19. Nf1 {[%clk 0:08:01]} Qb6
{[%clk 0:08:19]} 20. Qh4 {[%clk 0:07:32]} g6 {[%clk 0:07:54]} 21. Ng3
{[%clk 0:06:32]} a5 {[%clk 0:06:51]} 22. Qh6 {[%clk 0:04:55]} b3 {[%clk 0:05:49]}
23. Nf5 {[%clk 0:03:59]} gxf5 {[%clk 0:03:15]} 24. Bxf5 {[%clk 0:04:07]} Rd6
{[%clk 0:02:55]} 25. g5 {[%clk 0:03:26]} Rc7 {[%clk 0:02:54]} 26. Kh1
{[%clk 0:01:46]} Ne8 {[%clk 0:02:09]} 27. Bxh7+ {[%clk 0:01:39]} Kh8
{[%clk 0:02:18]} 28. Bg6+ {[%clk 0:01:24]} Kg8 {[%clk 0:02:26]} 29. Bh7+
{[%clk 0:01:07]} 1/2-1/2

[Event "Team Championship Russia (Rapid, Women)"]
[Site "Sochi"]
[Date "2018.10.08"]
[Round "3.2"]
[White "Girya, Olga"]
[Black "Tomilova, Elena"]
[Result "1/2-1/2"]
[BlackElo "2275"]
[WhiteElo "2440"]
[LiveChessVersion "1.4.8"]

1. d4 {[%clk 0:15:19]} d5 {[%clk 0:15:18]} 2. Nf3 {[%clk 0:15:26]} Nf6
{[%clk 0:15:27]} 3. c4 {[%clk 0:15:35]} c6 {[%clk 0:15:35]} 4. Nc3
{[%clk 0:15:32]} dxc4 {[%clk 0:15:40]} 5. a4 {[%clk 0:15:41]} a5 {[%clk 0:15:48]}
6. e3 {[%clk 0:15:44]} Bg4 {[%clk 0:15:55]} 7. Bxc4 {[%clk 0:15:33]} e6
{[%clk 0:16:04]} 8. h3 {[%clk 0:15:05]} Bh5 {[%clk 0:16:12]} 9. Qb3
{[%clk 0:12:56]} Bb4 {[%clk 0:15:57]} 10. Ne5 {[%clk 0:12:52]} Nbd7
{[%clk 0:15:17]} 11. Nd3 {[%clk 0:11:27]} Qe7 {[%clk 0:11:14]} 12. Nf4
{[%clk 0:11:23]} Bg6 {[%clk 0:11:16]} 13. O-O {[%clk 0:11:21]} O-O
{[%clk 0:10:46]} 14. Nxg6 {[%clk 0:11:19]} hxg6 {[%clk 0:10:55]} 15. Qc2
{[%clk 0:09:42]} e5 {[%clk 0:10:18]} 16. Qxg6 {[%clk 0:09:28]} Nb6
{[%clk 0:09:18]} 17. Bb3 {[%clk 0:08:36]} Rad8 {[%clk 0:08:43]} 18. Qf5
{[%clk 0:07:56]} exd4 {[%clk 0:08:25]} 19. exd4 {[%clk 0:08:05]} Qd7
{[%clk 0:06:51]} 20. Qf3 {[%clk 0:07:53]} Nfd5 {[%clk 0:05:55]} 21. Ne4
{[%clk 0:06:42]} Rde8 {[%clk 0:04:36]} 22. Bc2 {[%clk 0:05:35]} f5
{[%clk 0:04:29]} 23. Nc5 {[%clk 0:04:57]} Bxc5 {[%clk 0:03:55]} 24. dxc5
{[%clk 0:05:06]} Nc4 {[%clk 0:04:00]} 25. Bb3 {[%clk 0:05:05]} Ne5
{[%clk 0:03:57]} 26. Qd1 {[%clk 0:04:41]} f4 {[%clk 0:03:41]} 27. f3
{[%clk 0:04:30]} Kh7 {[%clk 0:03:21]} 28. Qd4 {[%clk 0:02:50]} g5
{[%clk 0:02:43]} 29. Bd2 {[%clk 0:02:40]} Nb4 {[%clk 0:01:55]} 30. Qxd7+
{[%clk 0:01:45]} Nxd7 {[%clk 0:02:04]} 31. Bxb4 {[%clk 0:01:49]} axb4
{[%clk 0:02:13]} 32. Rac1 {[%clk 0:01:53]} Re5 {[%clk 0:02:03]} 33. Rc4
{[%clk 0:01:46]} Nxc5 {[%clk 0:01:45]} 34. Bc2+ {[%clk 0:01:45]} Kh6
{[%clk 0:01:38]} 35. Rxb4 {[%clk 0:01:53]} Rd8 {[%clk 0:01:44]} 36. Rc4
{[%clk 0:01:42]} Rd2 {[%clk 0:01:48]} 37. Rd1 {[%clk 0:00:35]} Rxd1+
{[%clk 0:01:38]} 38. Bxd1 {[%clk 0:00:45]} Nd3 {[%clk 0:01:42]} 39. Bc2
{[%clk 0:00:20]} Re1+ {[%clk 0:01:35]} 40. Kh2 {[%clk 0:00:30]} Nf2
{[%clk 0:01:28]} 41. g4 {[%clk 0:00:13]} Re2 {[%clk 0:01:26]} 42. Kg1
{[%clk 0:00:14]} Nxh3+ {[%clk 0:01:24]} 43. Kf1 {[%clk 0:00:23]} Rf2+
{[%clk 0:01:21]} 44. Ke1 {[%clk 0:00:33]} Rxf3 {[%clk 0:01:26]} 45. a5
{[%clk 0:00:41]} Re3+ {[%clk 0:01:26]} 46. Kd2 {[%clk 0:00:46]} Ng1
{[%clk 0:01:31]} 47. Bd1 {[%clk 0:00:45]} Re7 {[%clk 0:01:23]} 48. a6
{[%clk 0:00:41]} bxa6 {[%clk 0:01:26]} 49. Rxc6+ {[%clk 0:00:50]} Kg7
{[%clk 0:01:34]} 50. Rxa6 {[%clk 0:00:37]} f3 {[%clk 0:01:37]} 51. Ra5
{[%clk 0:00:28]} Rd7+ {[%clk 0:01:31]} 52. Ke3 {[%clk 0:00:16]} Rxd1
{[%clk 0:01:36]} 53. Rxg5+ {[%clk 0:00:25]} Kf6 {[%clk 0:01:42]} 54. Rf5+
{[%clk 0:00:34]} Kg6 {[%clk 0:01:47]} 55. Kf2 {[%clk 0:00:33]} Rd4 56. Kg3
1/2-1/2

[Event "Team Championship Russia (Rapid, Women)"]
[Site "Sochi"]
[Date "2018.10.08"]
[Round "3.3"]
[White "Charochkina, Daria"]
[Black "Guseva, Marina"]
[Result "1/2-1/2"]
[BlackElo "2320"]
[WhiteElo "2360"]
[LiveChessVersion "1.4.8"]

1. d4 {[%clk 0:15:19]} d5 {[%clk 0:15:19]} 2. c4 {[%clk 0:15:28]} c6
{[%clk 0:15:28]} 3. Nc3 {[%clk 0:15:37]} Nf6 {[%clk 0:15:37]} 4. Nf3
{[%clk 0:15:46]} e6 {[%clk 0:15:45]} 5. Bg5 {[%clk 0:15:54]} Nbd7
{[%clk 0:15:54]} 6. e3 {[%clk 0:16:03]} Qa5 {[%clk 0:16:03]} 7. Nd2
{[%clk 0:16:12]} Bb4 {[%clk 0:16:12]} 8. Qc2 {[%clk 0:16:20]} O-O
{[%clk 0:16:20]} 9. Be2 {[%clk 0:16:29]} c5 {[%clk 0:16:29]} 10. Bf4
{[%clk 0:16:37]} cxd4 {[%clk 0:16:36]} 11. exd4 {[%clk 0:16:44]} Bxc3
{[%clk 0:16:44]} 12. bxc3 {[%clk 0:16:52]} Re8 {[%clk 0:16:53]} 13. O-O
{[%clk 0:16:59]} e5 {[%clk 0:17:02]} 14. Be3 {[%clk 0:16:53]} Qc7
{[%clk 0:16:49]} 15. Qb3 {[%clk 0:15:05]} dxc4 {[%clk 0:16:21]} 16. Nxc4
{[%clk 0:14:56]} b6 {[%clk 0:16:08]} 17. dxe5 {[%clk 0:12:48]} Nxe5
{[%clk 0:16:16]} 18. Bf4 {[%clk 0:12:09]} Ba6 {[%clk 0:13:42]} 19. Nxe5
{[%clk 0:10:26]} Bxe2 {[%clk 0:13:40]} 20. Rfe1 {[%clk 0:10:35]} Nh5
{[%clk 0:11:48]} 21. Be3 {[%clk 0:09:16]} Qxe5 {[%clk 0:08:25]} 22. Rxe2
{[%clk 0:09:24]} Rac8 {[%clk 0:08:32]} 23. Rc2 {[%clk 0:07:32]} Nf4
{[%clk 0:08:31]} 24. h3 {[%clk 0:04:26]} Qe4 {[%clk 0:06:28]} 25. Bxf4
{[%clk 0:04:28]} Qxf4 {[%clk 0:06:37]} 26. Rd1 {[%clk 0:03:37]} g6
{[%clk 0:06:13]} 27. Rcd2 {[%clk 0:03:07]} Rc7 {[%clk 0:05:23]} 28. Rd4
{[%clk 0:02:31]} Qf6 {[%clk 0:04:57]} 29. Qc2 {[%clk 0:00:32]} Kg7
{[%clk 0:03:03]} 30. Qd2 {[%clk 0:00:38]} Qe5 {[%clk 0:03:02]} 31. Rd3
{[%clk 0:00:40]} Ree7 {[%clk 0:02:06]} 32. Re3 {[%clk 0:00:46]} Qf6
{[%clk 0:02:15]} 33. Rf3 {[%clk 0:00:49]} Qe5 {[%clk 0:02:23]} 34. Re3
{[%clk 0:00:50]} Qf6 {[%clk 0:02:23]} 35. Rf3 {[%clk 0:00:57]} Qe5
{[%clk 0:02:31]} 36. Re3 {[%clk 0:00:37]} Qf6 {[%clk 0:02:23]} 37. Rf3
{[%clk 0:00:40]} 1/2-1/2

[Event "Team Championship Russia (Rapid, Women)"]
[Site "Sochi"]
[Date "2018.10.08"]
[Round "3.4"]
[White "Kovanova, Baira"]
[Black "Vasilevich, Tatjana"]
[Result "1-0"]
[BlackElo "2369"]
[WhiteElo "2317"]
[LiveChessVersion "1.4.8"]

1. Nf3 {[%clk 0:15:19]} Nf6 {[%clk 0:15:12]} 2. g3 {[%clk 0:15:27]} b5
{[%clk 0:15:20]} 3. Bg2 {[%clk 0:15:35]} Bb7 {[%clk 0:15:29]} 4. O-O
{[%clk 0:15:33]} e6 {[%clk 0:15:37]} 5. d3 {[%clk 0:14:39]} d5 {[%clk 0:15:44]}
6. Nbd2 {[%clk 0:14:08]} Be7 {[%clk 0:15:31]} 7. Qe1 {[%clk 0:13:33]} O-O
{[%clk 0:15:19]} 8. e4 {[%clk 0:13:31]} d4 {[%clk 0:15:27]} 9. e5
{[%clk 0:12:30]} Ne8 {[%clk 0:15:08]} 10. a4 {[%clk 0:12:03]} a6 {[%clk 0:15:01]}
11. Ne4 {[%clk 0:11:50]} c5 {[%clk 0:14:26]} 12. Bd2 {[%clk 0:10:23]} Nc6
{[%clk 0:13:54]} 13. Qe2 {[%clk 0:09:27]} Nc7 {[%clk 0:12:27]} 14. Bg5
{[%clk 0:08:42]} f6 {[%clk 0:10:58]} 15. exf6 {[%clk 0:08:05]} gxf6
{[%clk 0:11:07]} 16. Bh4 {[%clk 0:08:00]} e5 {[%clk 0:09:00]} 17. Nfd2
{[%clk 0:07:59]} Ne6 {[%clk 0:07:58]} 18. Nb3 {[%clk 0:07:53]} Qe8
{[%clk 0:07:20]} 19. Qg4+ {[%clk 0:06:49]} Kf7 {[%clk 0:05:32]} 20. Qf5
{[%clk 0:06:38]} Qd8 {[%clk 0:02:56]} 21. Qxh7+ {[%clk 0:06:26]} Ng7
{[%clk 0:02:51]} 22. Nexc5 {[%clk 0:06:11]} Rh8 {[%clk 0:01:23]} 23. Nxb7
{[%clk 0:05:36]} Rxh7 {[%clk 0:00:17]} 24. Nxd8+ {[%clk 0:05:44]} Rxd8
{[%clk 0:00:21]} 25. Bxc6 {[%clk 0:05:51]} Rc8 {[%clk 0:00:26]} 26. axb5
{[%clk 0:05:40]} axb5 {[%clk 0:00:35]} 27. Bd5+ {[%clk 0:05:34]} Kf8
{[%clk 0:00:18]} 28. Ra8 {[%clk 0:05:37]} Rxa8 {[%clk 0:00:16]} 29. Bxa8
{[%clk 0:05:45]} Rh6 {[%clk 0:00:13]} 30. Be4 {[%clk 0:05:21]} Bb4
{[%clk 0:00:13]} 31. Ra1 {[%clk 0:05:16]} f5 {[%clk 0:00:14]} 32. Ra8+
{[%clk 0:05:16]} Kf7 {[%clk 0:00:19]} 33. Bd5+ {[%clk 0:05:16]} Kg6
{[%clk 0:00:18]} 34. Ra6+ {[%clk 0:05:20]} Kh7 {[%clk 0:00:26]} 35. Bg8+
{[%clk 0:05:23]} 1-0

[Event "Team Championship Russia (Rapid, Women)"]
[Site "Sochi"]
[Date "2018.10.08"]
[Round "3.5"]
[White "Gunina, Valentina"]
[Black "Shuvalova, Polina"]
[Result "0-1"]
[BlackElo "2342"]
[WhiteElo "2459"]
[LiveChessVersion "1.4.8"]

1. d4 {[%clk 0:15:18]} Nf6 {[%clk 0:15:19]} 2. c4 {[%clk 0:15:26]} e6
{[%clk 0:15:28]} 3. Nf3 {[%clk 0:15:34]} d5 {[%clk 0:15:36]} 4. Nc3
{[%clk 0:15:41]} c5 {[%clk 0:15:45]} 5. cxd5 {[%clk 0:15:47]} Nxd5
{[%clk 0:15:54]} 6. e4 {[%clk 0:15:56]} Nxc3 {[%clk 0:16:02]} 7. bxc3
{[%clk 0:16:04]} cxd4 {[%clk 0:16:11]} 8. cxd4 {[%clk 0:16:12]} Bb4+
{[%clk 0:16:20]} 9. Bd2 {[%clk 0:16:21]} Bxd2+ {[%clk 0:16:28]} 10. Qxd2
{[%clk 0:16:29]} O-O {[%clk 0:16:37]} 11. Rd1 {[%clk 0:16:32]} b6
{[%clk 0:16:35]} 12. Bd3 {[%clk 0:16:34]} Bb7 {[%clk 0:16:39]} 13. h4
{[%clk 0:16:35]} Nc6 {[%clk 0:15:47]} 14. e5 {[%clk 0:16:15]} h6 {[%clk 0:15:14]}
15. Bb1 {[%clk 0:15:07]} f5 {[%clk 0:14:22]} 16. exf6 {[%clk 0:15:04]} Qxf6
{[%clk 0:14:25]} 17. O-O {[%clk 0:14:46]} Ne7 {[%clk 0:13:48]} 18. Ne5
{[%clk 0:12:58]} Qxh4 {[%clk 0:13:30]} 19. Qd3 {[%clk 0:13:05]} Rf5
{[%clk 0:13:00]} 20. f3 {[%clk 0:11:32]} Rd8 {[%clk 0:12:56]} 21. Rfe1
{[%clk 0:10:41]} Nd5 {[%clk 0:11:29]} 22. Qb3 {[%clk 0:07:51]} Rg5
{[%clk 0:10:30]} 23. Qc2 {[%clk 0:06:41]} Nf4 {[%clk 0:09:01]} 24. Ng4
{[%clk 0:05:23]} Bxf3 {[%clk 0:06:50]} 25. Qh7+ {[%clk 0:04:44]} Kf8
{[%clk 0:06:55]} 26. Rc1 {[%clk 0:03:48]} Nh3+ {[%clk 0:05:34]} 27. Kh2
{[%clk 0:03:34]} Nf4+ {[%clk 0:04:22]} 28. Kg1 {[%clk 0:03:43]} Qxg4
{[%clk 0:04:09]} 29. Qh8+ {[%clk 0:03:16]} Ke7 {[%clk 0:04:16]} 0-1

[Event "Team Championship Russia (Rapid, Women)"]
[Site "Sochi"]
[Date "2018.10.08"]
[Round "3.6"]
[White "Voit, Daria"]
[Black "Bivol, Alina"]
[Result "0-1"]
[BlackElo "2322"]
[WhiteElo "2355"]
[LiveChessVersion "1.4.8"]

1. Nf3 {[%clk 0:15:18]} g6 {[%clk 0:15:16]} 2. g3 {[%clk 0:15:24]} Bg7
{[%clk 0:15:25]} 3. Bg2 {[%clk 0:15:33]} Nf6 {[%clk 0:15:33]} 4. O-O
{[%clk 0:15:41]} O-O {[%clk 0:15:41]} 5. c4 {[%clk 0:15:49]} Nc6 {[%clk 0:15:49]}
6. d4 {[%clk 0:15:56]} d6 {[%clk 0:15:57]} 7. Nc3 {[%clk 0:16:05]} Rb8
{[%clk 0:16:06]} 8. e3 {[%clk 0:16:09]} a6 {[%clk 0:16:06]} 9. Qe2
{[%clk 0:16:17]} b5 {[%clk 0:16:07]} 10. Rd1 {[%clk 0:16:26]} Na5
{[%clk 0:15:40]} 11. b3 {[%clk 0:16:17]} bxc4 {[%clk 0:15:35]} 12. bxc4
{[%clk 0:16:25]} Rb4 {[%clk 0:15:02]} 13. c5 {[%clk 0:15:37]} dxc5
{[%clk 0:13:06]} 14. dxc5 {[%clk 0:15:44]} Qe8 {[%clk 0:13:15]} 15. Ba3
{[%clk 0:15:07]} Rb8 {[%clk 0:13:23]} 16. Nd4 {[%clk 0:14:37]} e5
{[%clk 0:12:50]} 17. Nb3 {[%clk 0:14:45]} Nxb3 {[%clk 0:12:43]} 18. axb3
{[%clk 0:14:52]} Qe6 {[%clk 0:12:16]} 19. Nd5 {[%clk 0:14:36]} Nxd5
{[%clk 0:11:17]} 20. Bxd5 {[%clk 0:14:42]} Qh3 {[%clk 0:11:16]} 21. Rab1
{[%clk 0:12:07]} Bf5 {[%clk 0:11:15]} 22. e4 {[%clk 0:12:13]} Bg4
{[%clk 0:09:48]} 23. f3 {[%clk 0:12:21]} Be6 {[%clk 0:09:56]} 24. Qc4
{[%clk 0:11:59]} a5 {[%clk 0:05:07]} 25. Qf1 {[%clk 0:10:07]} Qh5
{[%clk 0:04:36]} 26. Bxe6 {[%clk 0:09:41]} fxe6 {[%clk 0:04:45]} 27. Kg2
{[%clk 0:09:50]} Rf7 {[%clk 0:04:45]} 28. c6 {[%clk 0:09:58]} Qg5
{[%clk 0:04:16]} 29. Rd3 {[%clk 0:09:13]} h5 {[%clk 0:04:06]} 30. h4
{[%clk 0:09:06]} Qf6 {[%clk 0:04:16]} 31. Rd7 {[%clk 0:09:04]} Bf8
{[%clk 0:03:42]} 32. Rxf7 {[%clk 0:07:42]} Qxf7 {[%clk 0:03:51]} 33. Bxf8
{[%clk 0:07:50]} Qxf8 {[%clk 0:03:54]} 34. Rd1 {[%clk 0:06:16]} Rd8
{[%clk 0:02:13]} 35. Rd7 {[%clk 0:05:55]} Rxd7 {[%clk 0:01:47]} 36. cxd7
{[%clk 0:06:03]} Qd6 {[%clk 0:01:56]} 37. Qb5 {[%clk 0:06:07]} Qd2+
{[%clk 0:01:59]} 38. Kh3 {[%clk 0:06:13]} Qd1 {[%clk 0:01:38]} 39. d8=Q+
{[%clk 0:05:14]} Qxd8 {[%clk 0:01:44]} 40. Qxe5 {[%clk 0:05:22]} Qd1
{[%clk 0:00:58]} 41. Qxe6+ {[%clk 0:05:29]} Kh7 {[%clk 0:01:05]} 42. Qf7+
{[%clk 0:05:31]} Kh8 {[%clk 0:00:56]} 43. Qf6+ {[%clk 0:04:40]} Kh7
{[%clk 0:01:05]} 44. Qe7+ {[%clk 0:04:49]} Kg8 {[%clk 0:00:43]} 45. Qe6+
{[%clk 0:04:40]} Kh7 {[%clk 0:00:41]} 46. Qf7+ {[%clk 0:04:29]} Kh8
{[%clk 0:00:50]} 47. g4 {[%clk 0:04:18]} Qf1+ {[%clk 0:00:31]} 48. Kg3
{[%clk 0:04:26]} Qe1+ {[%clk 0:00:36]} 49. Kf4 {[%clk 0:04:32]} Qd2+
{[%clk 0:00:44]} 50. Ke5 {[%clk 0:04:02]} Qd6# {[%clk 0:00:52]} 51. Kd4 0-1

[Event "Team Championship Russia (Rapid, Women)"]
[Site "Sochi"]
[Date "2018.10.08"]
[Round "3.7"]
[White "Drozdova, Dina"]
[Black "Kovalevskaya, Ekaterina"]
[Result "1-0"]
[BlackElo "2307"]
[WhiteElo "2206"]
[LiveChessVersion "1.4.8"]

1. Nf3 {[%clk 0:15:17]} Nf6 {[%clk 0:15:17]} 2. g3 {[%clk 0:14:59]} d5
{[%clk 0:15:19]} 3. Bg2 {[%clk 0:15:07]} g6 {[%clk 0:15:26]} 4. d3
{[%clk 0:15:14]} Bg7 {[%clk 0:15:31]} 5. O-O {[%clk 0:15:21]} O-O
{[%clk 0:15:39]} 6. Nbd2 {[%clk 0:15:27]} Nc6 {[%clk 0:15:45]} 7. e4
{[%clk 0:15:23]} e5 {[%clk 0:15:15]} 8. Re1 {[%clk 0:15:05]} Re8 {[%clk 0:15:08]}
9. c3 {[%clk 0:15:12]} h6 {[%clk 0:14:27]} 10. Qc2 {[%clk 0:15:19]} Be6
{[%clk 0:14:02]} 11. b4 {[%clk 0:15:03]} a6 {[%clk 0:14:11]} 12. Bb2
{[%clk 0:14:53]} Qd7 {[%clk 0:13:49]} 13. Nb3 {[%clk 0:14:30]} b6
{[%clk 0:13:33]} 14. a4 {[%clk 0:13:43]} Bh3 {[%clk 0:10:55]} 15. b5
{[%clk 0:12:23]} Bxg2 {[%clk 0:10:45]} 16. Kxg2 {[%clk 0:11:50]} Nd8
{[%clk 0:06:38]} 17. c4 {[%clk 0:09:05]} d4 {[%clk 0:05:07]} 18. Bc1
{[%clk 0:05:04]} Nh5 {[%clk 0:04:50]} 19. h3 {[%clk 0:03:56]} Ne6
{[%clk 0:04:46]} 20. Bd2 {[%clk 0:03:59]} c5 {[%clk 0:03:20]} 21. bxc6
{[%clk 0:03:55]} Qxc6 {[%clk 0:03:28]} 22. Qc1 {[%clk 0:03:01]} Kh7
{[%clk 0:03:24]} 23. Qd1 {[%clk 0:02:08]} Nc5 {[%clk 0:01:46]} 24. Nxc5
{[%clk 0:02:06]} bxc5 {[%clk 0:01:54]} 25. Rb1 {[%clk 0:02:11]} Nf6
{[%clk 0:01:50]} 26. Ba5 {[%clk 0:02:11]} Nd7 {[%clk 0:01:56]} 27. Qc2
{[%clk 0:01:58]} Rab8 {[%clk 0:02:03]} 28. Nd2 {[%clk 0:01:57]} Bf8
{[%clk 0:01:57]} 29. h4 {[%clk 0:01:39]} Bd6 {[%clk 0:01:55]} 30. h5
{[%clk 0:01:44]} g5 {[%clk 0:02:03]} 31. Nf1 {[%clk 0:01:29]} f5 {[%clk 0:01:55]}
32. f3 {[%clk 0:01:13]} Rxb1 {[%clk 0:01:11]} 33. Rxb1 {[%clk 0:01:20]} fxe4
{[%clk 0:01:12]} 34. fxe4 {[%clk 0:01:28]} Rf8 {[%clk 0:01:13]} 35. Nh2
{[%clk 0:01:17]} Bc7 {[%clk 0:00:46]} 36. Be1 {[%clk 0:01:05]} Rb8
{[%clk 0:00:26]} 37. Rxb8 {[%clk 0:01:12]} Bxb8 {[%clk 0:00:33]} 38. Ng4
{[%clk 0:01:06]} Qe6 {[%clk 0:00:24]} 39. Qe2 {[%clk 0:01:14]} Kg7
{[%clk 0:00:29]} 40. Qf3 {[%clk 0:01:17]} Bc7 {[%clk 0:00:35]} 41. Bd2
{[%clk 0:01:11]} Bd8 {[%clk 0:00:43]} 42. Qf5 {[%clk 0:00:47]} Qxf5
{[%clk 0:00:26]} 43. exf5 {[%clk 0:00:56]} Nf6 {[%clk 0:00:20]} 44. Nxe5
{[%clk 0:00:34]} Nxh5 {[%clk 0:00:28]} 45. Nd7 {[%clk 0:00:41]} Bc7
{[%clk 0:00:26]} 46. g4 {[%clk 0:00:18]} Nf6 {[%clk 0:00:31]} 47. Nxc5
{[%clk 0:00:27]} Nxg4 {[%clk 0:00:36]} 48. Ne6+ {[%clk 0:00:36]} Kf6
{[%clk 0:00:44]} 49. Nxc7 {[%clk 0:00:45]} Kxf5 {[%clk 0:00:49]} 50. Nxa6
{[%clk 0:00:54]} Ne5 {[%clk 0:00:57]} 51. Nc5 {[%clk 0:01:02]} h5
{[%clk 0:01:00]} 52. a5 {[%clk 0:01:11]} h4 {[%clk 0:01:08]} 53. a6
{[%clk 0:01:21]} Nc6 {[%clk 0:01:17]} 54. Nb3 {[%clk 0:01:09]} Kg4
{[%clk 0:01:11]} 55. Nxd4 {[%clk 0:01:05]} h3+ {[%clk 0:01:18]} 56. Kh1
{[%clk 0:01:14]} Na7 {[%clk 0:01:14]} 57. Ne6 {[%clk 0:01:20]} Kf3
{[%clk 0:01:19]} 58. Bxg5 {[%clk 0:01:29]} 1-0

[Event "Team Championship Russia (Rapid, Women)"]
[Site "Sochi"]
[Date "2018.10.08"]
[Round "3.8"]
[White "Dordzhieva, Dinara"]
[Black "Maltsevskaya, Aleksandra"]
[Result "1-0"]
[BlackElo "2194"]
[WhiteElo "2248"]
[LiveChessVersion "1.4.8"]

1. Nf3 {[%clk 0:15:18]} Nf6 {[%clk 0:15:19]} 2. c4 {[%clk 0:15:27]} g6
{[%clk 0:15:28]} 3. g3 {[%clk 0:15:36]} Bg7 {[%clk 0:15:37]} 4. d4
{[%clk 0:15:45]} d6 {[%clk 0:15:45]} 5. Nc3 {[%clk 0:15:54]} O-O {[%clk 0:15:53]}
6. Bg2 {[%clk 0:16:03]} Nbd7 {[%clk 0:16:00]} 7. O-O {[%clk 0:16:12]} e5
{[%clk 0:16:09]} 8. h3 {[%clk 0:16:21]} exd4 9. Nxd4 {[%clk 0:16:28]} a5
{[%clk 0:15:57]} 10. e4 {[%clk 0:16:36]} Nc5 {[%clk 0:15:56]} 11. Be3
{[%clk 0:16:44]} h5 {[%clk 0:14:44]} 12. f3 {[%clk 0:16:29]} Nfd7
{[%clk 0:14:36]} 13. Qe2 {[%clk 0:16:12]} Re8 {[%clk 0:14:19]} 14. Rad1
{[%clk 0:16:19]} c6 {[%clk 0:12:15]} 15. Qc2 {[%clk 0:16:18]} Qe7
{[%clk 0:11:27]} 16. Rfe1 {[%clk 0:15:55]} h4 {[%clk 0:10:15]} 17. g4
{[%clk 0:16:02]} Ne5 {[%clk 0:10:23]} 18. b3 {[%clk 0:16:00]} g5 {[%clk 0:10:19]}
19. Nf5 {[%clk 0:15:40]} Bxf5 {[%clk 0:10:26]} 20. exf5 {[%clk 0:15:49]} a4
{[%clk 0:02:12]} 21. b4 {[%clk 0:14:15]} Na6 {[%clk 0:01:42]} 22. Ne4
{[%clk 0:14:23]} Nxb4 {[%clk 0:01:17]} 23. Qb1 {[%clk 0:14:33]} d5
{[%clk 0:00:52]} 24. Nxg5 {[%clk 0:12:36]} Nxc4 {[%clk 0:00:48]} 25. f6
{[%clk 0:11:16]} Qxf6 {[%clk 0:00:25]} 26. Qh7+ {[%clk 0:10:25]} Kf8
{[%clk 0:00:35]} 27. Bc5+ {[%clk 0:10:34]} Nd6 {[%clk 0:00:44]} 28. Qh5
{[%clk 0:10:41]} Kg8 {[%clk 0:00:37]} 29. Rxe8+ {[%clk 0:08:46]} Rxe8
{[%clk 0:00:41]} 30. Bxb4 {[%clk 0:08:56]} Bh6 {[%clk 0:00:13]} 31. f4
{[%clk 0:07:57]} Nc4 {[%clk 0:00:12]} 32. Nxf7 {[%clk 0:07:24]} Qxf7
{[%clk 0:00:12]} 33. Qxh6 Re2 {[%clk 0:00:16]} 34. Qg5+ {[%clk 0:07:21]} Qg7
{[%clk 0:00:25]} 35. Qd8+ {[%clk 0:07:26]} Kh7 {[%clk 0:00:31]} 36. Qxh4+
{[%clk 0:07:34]} Kg8 {[%clk 0:00:40]} 37. Bf1 {[%clk 0:06:30]} Rxa2
{[%clk 0:00:18]} 38. Bxc4 {[%clk 0:06:25]} Ra1 {[%clk 0:00:24]} 39. Qd8+
{[%clk 0:06:32]} Kh7 {[%clk 0:00:33]} 40. Bd3+ {[%clk 0:06:42]} 1-0

[Event "Team Championship Russia (Rapid, Women)"]
[Site "Sochi"]
[Date "2018.10.08"]
[Round "3.9"]
[White "Kirchei, Viktoriia"]
[Black "Ovod, Evgenija"]
[Result "0-1"]
[BlackElo "2198"]
[WhiteElo "1917"]
[LiveChessVersion "1.4.8"]

1. e4 {[%clk 0:15:18]} e5 {[%clk 0:15:19]} 2. Nf3 {[%clk 0:15:27]} Nc6
{[%clk 0:15:28]} 3. Bb5 {[%clk 0:15:36]} Nf6 {[%clk 0:15:36]} 4. O-O
{[%clk 0:15:39]} Bc5 {[%clk 0:15:45]} 5. c3 {[%clk 0:15:04]} O-O {[%clk 0:15:52]}
6. d4 {[%clk 0:15:04]} Bb6 {[%clk 0:16:01]} 7. Re1 {[%clk 0:14:43]} d6
{[%clk 0:16:07]} 8. Bg5 {[%clk 0:14:18]} h6 {[%clk 0:16:15]} 9. Bh4
{[%clk 0:13:29]} Qe7 {[%clk 0:16:24]} 10. d5 {[%clk 0:13:18]} Nb8
{[%clk 0:16:26]} 11. Be2 {[%clk 0:12:57]} g5 {[%clk 0:16:05]} 12. Bg3
{[%clk 0:12:32]} Nxe4 {[%clk 0:16:10]} 13. Bd3 {[%clk 0:11:54]} Nxg3
{[%clk 0:14:38]} 14. hxg3 {[%clk 0:12:03]} f5 {[%clk 0:14:47]} 15. Nbd2
{[%clk 0:11:58]} Qg7 {[%clk 0:13:04]} 16. Bc4 {[%clk 0:11:52]} Nd7
{[%clk 0:12:56]} 17. Nh2 {[%clk 0:11:50]} Nf6 {[%clk 0:12:58]} 18. a4
{[%clk 0:11:48]} a5 {[%clk 0:13:03]} 19. b4 {[%clk 0:11:57]} g4 {[%clk 0:12:37]}
20. Nb3 {[%clk 0:11:41]} f4 {[%clk 0:12:26]} 21. gxf4 {[%clk 0:11:24]} g3
{[%clk 0:12:29]} 22. fxe5 {[%clk 0:11:19]} gxh2+ {[%clk 0:11:49]} 23. Kh1
{[%clk 0:11:23]} Ng4 {[%clk 0:11:49]} 24. Re2 {[%clk 0:11:02]} Nxf2+
{[%clk 0:11:41]} 25. Rxf2 {[%clk 0:11:10]} Rxf2 {[%clk 0:11:48]} 26. Bf1
{[%clk 0:11:05]} Bh3 {[%clk 0:11:34]} 0-1